Central Library OPAC University of Rajshahi

Caste, class, and power : (Record no. 47150)

MARC details
000 -LEADER
fixed length control field 00754nam a22002291a 4500
001 - CONTROL NUMBER
control field 47150
003 - CONTROL NUMBER IDENTIFIER
rucl marc code BD-RjUL
005 - DATE AND TIME OF LATEST TRANSACTION
control field 20211209054251.0
008 - FIXED-LENGTH DATA ELEMENTS--GENERAL INFORMATION
fixed length control field 140518r19651971enkab 001 0 eng d
035 ## - SYSTEM CONTROL NUMBER
System control number (BD-RjUL)47269
040 ## - CATALOGING SOURCE
Original cataloging agency DLC
Transcribing agency ODaWU
Modifying agency OCoLC
-- Uk
-- IRoRVC
-- DLC
-- BD-RjUL
Language of cataloging eng
041 ## - LANGUAGE CODE
Language code of text/sound track or separate title eng
082 00 - DEWEY DECIMAL CLASSIFICATION NUMBER
Classification number 305.5122095482
Author mark and year BEC 1971
100 10 - MAIN ENTRY--PERSONAL NAME
Personal name Béteille, André
9 (RLIN) 8154
245 10 - TITLE STATEMENT
Title Caste, class, and power :
Remainder of title changing patterns of stratification in a Tanjore village /
Statement of responsibility, etc. André Béteille
250 ## - EDITION STATEMENT
Edition statement London ed.
260 ## - PUBLICATION, DISTRIBUTION, ETC. (IMPRINT)
Place of publication, distribution, etc. London :
Name of publisher, distributor, etc. University of California Press,
Date of publication, distribution, etc. c1965 [1991]
300 ## - PHYSICAL DESCRIPTION
Pagination 238 p. :
Illustrations ill.
Size 24 cm.
500 ## - GENERAL NOTE
General note Includes Index
650 ## - SUBJECT ADDED ENTRY--TOPICAL TERM
Topical term or geographic name as entry element Caste
Geographic subdivision India
General subdivision Thanjāvūr (District)
9 (RLIN) 145174
942 ## - ADDED ENTRY ELEMENTS (KOHA)
Source of classification or shelving scheme Dewey Decimal Classification
Koha item type Books
Holdings
Lost status Source of classification or shelving scheme Damaged status Not for loan Collection code Permanent Location Current Location Shelving location Date acquired Source of acquisition Total Checkouts Full call number Date last seen Copy number Koha item type
  Dewey Decimal Classification     Non-fiction Central Library, University of Rajshahi Central Library, University of Rajshahi   06/12/2002 RU. Sirajul Islam   305.5122095482 BEC 1971 07/08/2016 C-2 Books